New England States - Statistics

General Stats
  • This quiz has been taken 103 times
  • The average score is 6 of 6
Answers on the Map
Answers color-coded by a green-red scale on the quiz's map according to % correct below.
 
Answer Stats
State % Correct
Maine
99%
Vermont
99%
Massachusetts
97%
Rhode Island
97%
New Hampshire
96%
Connecticut
95%
No matching quizzes found
Score Distribution
Percent of People with Each Score
Percentile by Number Answered
Your Score History
You have not taken this quiz